000
00289nam a2200109 4500
999
_c
9651
_d
9651
003
OSt
005
20211127113742.0
008
211127b ||||| |||| 00| 0 eng d
245
_a
2011 Ashrae handbook fundamentals
260
_a
Atlanta
_b
American society of heating refrigerating
942
_2
ddc